Quiz do Quirguistão - Statistics

Estatísticas Gerais
  • Esse quiz foi jogado 494 vezes
  • A pontuação média é 10 de 18
Estatísticas das Respostas
Dica Resposta % Correto
Países fazendo fronteira com o Quirguistão Tajiquistão
93%
Países fazendo fronteira com o Quirguistão Cazaquistão
92%
Países fazendo fronteira com o Quirguistão Uzbequistão
91%
Países fazendo fronteira com o Quirguistão China
90%
Religião oficial Islã
88%
Segundo idioma mais falado depois de quirguiz Russo
82%
O Quirguistão fazia parte deste país antes de 1991 União Soviética
80%
O Quirguistão está mais longe do ____ do que qualquer outro país Mar
65%
Capital do Quirguistão Bisqueque
63%
Metal que representa 43% das exportações do Quirguistão Ouro
60%
Revolução de 2005 que levou à derrubada do presidente Askar Akayev (dica: nome de uma flor) Revolução das {Tulipa}s
34%
"Buzkashi" é o esporte em que jogadores montados em tentam colocar esse tipo de animal em uma linha de meta Cabra
29%
Moeda oficial Som
28%
Segunda maior cidade (dica: 3 letras) Osh
24%
Tipo de habitação representado na bandeira Yurt
21%
Cordilheira cobrindo o leste do Quirguistão {Tian} Shan
20%
Maior lago localizado inteiramente no Quirguistão {Issyk}-Kul
19%
Poema que narra a formação do povo quirguiz - que se pensa ter mais de 1.000 anos e 20 vezes mais que a Odisséia de Homero Épico de {Manas}
13%
Nenhum quiz correspondente encontrado
Distribuição das Pontuações
Porcentagem de Pessoas com Cada Pontuação
Percentil de Números Respondidos
Sua Pontuação Histórica
Você não jogou esse quiz